Visualizzazione normale
Vista MARC
- Scott J.
di Personal Name
Records bibliografici associati: 1
001 - CONTROL NUMBER
- control field: 2548
003 - CONTROL NUMBER IDENTIFIER
- control field: IT-RoPau
005 - DATE AND TIME OF LATEST TRANSACTION
- control field: 20131120161151.0
008 - FIXED-LENGTH DATA ELEMENTS
- fixed length control field: 131120|| aca||aabn | a|a d
040 ## - CATALOGING SOURCE
- Original cataloging agency: IT-RoPau
- Transcribing agency: IT-RoPau
100 ## - HEADING--PERSONAL NAME
- Personal name: Scott J.
- Miscellaneous information: Codice autore testo/musica SPICS: 22967
- Relator term: Autore testo/musica
- Name of part/section of a work: Turn On Your Love Light
670 ## - SOURCE DATA FOUND
- Source citation: Work cat.: (IT-RoPau)99550: AA.VV. 794, Skeletons From the Closet-The Best of Grateful Dead (Lp K 56024)